| 000 | 00435nam a22001577a 4500 | ||
|---|---|---|---|
| 020 | _a978-1-25-906475-3 | ||
| 082 | _a004.6 FOR | ||
| 100 | _aBehrouz A. Forouzan | ||
| 245 |
_aData communiations and networking / _cForouzan, Behrouz A. |
||
| 250 | _a5th ed. | ||
| 260 |
_aNew Delhi, India : _bMcgraw Hill ; _c2013. |
||
| 300 | _g24 cm. | ||
| 942 |
_2ddc _cBK |
||
| 999 |
_c586732 _d586732 |
||